| 000 | 00352nam a2200133Ia 4500 | ||
|---|---|---|---|
| 008 | 130318s9999 xx 000 0 und d | ||
| 020 | _a817371343x | ||
| 082 | _a629.892 THR/R | ||
| 100 | _aThro, Ellen | ||
| 245 | _aRobotics: The marriage of computers and machines | ||
| 260 |
_bUniversities Press _aHyderabad _c2000 |
||
| 300 | _a119 | ||
| 650 | _aROBOTICS | ||
| 999 |
_c451 _d451 |
||